Students'discourse : (Record no. 8109)
[ view plain ]
| 000 -LEADER | |
|---|---|
| fixed length control field | 00844nam a2200181 4500 |
| 008 - FIXED-LENGTH DATA ELEMENTS--GENERAL INFORMATION | |
| fixed length control field | 171213b xxu||||| |||| 00| 0 eng d |
| 020 ## - INTERNATIONAL STANDARD BOOK NUMBER | |
| International Standard Book Number | 0941281779 |
| 082 ## - DEWEY DECIMAL CLASSIFICATION NUMBER | |
| Edition number | 1990 |
| Classification number | DC 808.0688 |
| Item number | W42 |
| 100 ## - MAIN ENTRY--PERSONAL NAME | |
| 9 (RLIN) | 25090 |
| Personal name | Weisberg, Valerie Hannah, author. |
| 245 ## - TITLE STATEMENT | |
| Title | Students'discourse : |
| Remainder of title | comprehensive examples and explanations of all expository modes and argument, précis, narrative, examination writing and MLA recommendations for research paper documentation / |
| Statement of responsibility, etc. | Valerie Hannah Weisberg; George H Herrick. |
| 260 ## - PUBLICATION, DISTRIBUTION, ETC. (IMPRINT) | |
| Place of publication, distribution, etc. | Santa Barbara, CA : |
| Name of publisher, distributor, etc. | VHW Pub., |
| Date of publication, distribution, etc. | ©1990. |
| 300 ## - PHYSICAL DESCRIPTION | |
| Extent | 125 pages ; |
| Dimensions | 23 cm |
| 500 ## - GENERAL NOTE | |
| General note | Includes bibliographical references. |
| 650 #0 - SUBJECT ADDED ENTRY--TOPICAL TERM | |
| 9 (RLIN) | 25092 |
| Topical term or geographic name as entry element | English language. |
| Form subdivision | Rhetoric |
| General subdivision | Study and teaching. |
| 650 #0 - SUBJECT ADDED ENTRY--TOPICAL TERM | |
| 9 (RLIN) | 25093 |
| Topical term or geographic name as entry element | Report writing |
| General subdivision | Study and teaching |
| 700 ## - ADDED ENTRY--PERSONAL NAME | |
| 9 (RLIN) | 25094 |
| Personal name | Herrick, George H., author. |
| 942 ## - ADDED ENTRY ELEMENTS (KOHA) | |
| Source of classification or shelving scheme | Dewey Decimal Classification |
| Koha item type | Circulation |
| Withdrawn status | Lost status | Source of classification or shelving scheme | Damaged status | Not for loan | Collection code | Home library | Current library | Date acquired | Source of acquisition | Total Checkouts | Full call number | Barcode | Date last seen | Copy number | Price effective from | Koha item type |
|---|---|---|---|---|---|---|---|---|---|---|---|---|---|---|---|---|
| Dewey Decimal Classification | Circulation | UM Digos College - LIC | UM Digos College - LIC | 09/12/2003 | Donated | DC 808.0688 W42 1990 | 15849 | 05/15/2025 | 1 | 12/13/2017 | Circulation | |||||
| Dewey Decimal Classification | Circulation | UM Digos College - LIC | UM Digos College - LIC | 09/12/2003 | Donated | DC 808.0688 W42 1990 | 15850 | 05/15/2025 | 2 | 12/13/2017 | Circulation | |||||
| Dewey Decimal Classification | Circulation | UM Digos College - LIC | UM Digos College - LIC | 09/12/2003 | Donated | DC 808.0688 W42 1990 | 15851 | 05/15/2025 | 3 | 12/13/2017 | Circulation |
